000 00625nam a2200193Ia 4500
008 230125s9999 xx 000 0 und d
020 _a81-87671-13-0
041 _aeng
082 _a823
_bCAN/HAN
100 _aCanfield J
245 _aChicken Soup for The Surviving Soul
260 _c2000
_bWestland Publications
_aChennai
300 _a360p
440 _aChicken Soup for the Soul Series Book
500 _aLiterature;Short stories;English Literature;Series Book;Chicken Soup for the Soul Series Book
650 _aGeneral
700 _aCanfield J; Hansen M V; Aubery P & Mitchell N
_9108371
999 _c85206
_d85206